Năng lực tạo lập văn bản nghị luận văn học của học sinh lớp 11 trường THPT Nguyễn Thông : Thực trạng, nguyên nhân, giải pháp. Luận văn thạc sĩ khoa học giáo dục. Chuyên ngành Lý luận và phương pháp dạy học bộ môn Văn và Tiếng Việt

Đề tài nghiên cứu năng lực tạo lập văn bản nghị luận văn học của học sinh Trung học phổ thông hiên nay (Năng lực lập luận, liên tưởng, tưởng tượng và cảm thụ thẩm mĩ) và đề xuất một số giải pháp nhằm khắc phục và nâng cao năng lực...

全面介绍

Đã lưu trong:
书目详细资料
主要作者: Đặng, Thị Thủy Tiên
格式: 图书
语言:Undetermined
出版: Cần Thơ Trường Đại học Cần Thơ 2015
主题:
标签: 添加标签
没有标签, 成为第一个标记此记录!
Thư viện lưu trữ: Trung tâm Học liệu Trường Đại học Cần Thơ
LEADER 01467nam a2200229Ia 4500
001 CTU_201695
008 210402s9999 xx 000 0 und d
082 |a 495.9220712 
082 |b T305 
088 |a 60140111 
100 |a Đặng, Thị Thủy Tiên 
245 0 |a Năng lực tạo lập văn bản nghị luận văn học của học sinh lớp 11 trường THPT Nguyễn Thông : 
245 0 |b Thực trạng, nguyên nhân, giải pháp. Luận văn thạc sĩ khoa học giáo dục. Chuyên ngành Lý luận và phương pháp dạy học bộ môn Văn và Tiếng Việt 
245 0 |c Đặng Thị Thủy Tiên ; Nguyễn Hoa Bằng (Cán bộ hướng dẫn) 
260 |a Cần Thơ 
260 |b Trường Đại học Cần Thơ 
260 |c 2015 
520 |a Đề tài nghiên cứu năng lực tạo lập văn bản nghị luận văn học của học sinh Trung học phổ thông hiên nay (Năng lực lập luận, liên tưởng, tưởng tượng và cảm thụ thẩm mĩ) và đề xuất một số giải pháp nhằm khắc phục và nâng cao năng lực cho học sinh. 
650 |a Vietnamese philology,Ngữ văn Việt Nam 
650 |x Research,Study and teaching,Dạy và học,Nghiên cứu 
904 |i Khoa 
980 |a Trung tâm Học liệu Trường Đại học Cần Thơ